| 000 | 00386 a2200157 4500 | ||
|---|---|---|---|
| 999 |
_c12693 _d12693 |
||
| 003 | OSt | ||
| 005 | 20240722170923.0 | ||
| 008 | 240722b ||||| |||| 00| 0 eng d | ||
| 020 | _a9780262036672 | ||
| 082 | _2711.4 | ||
| 100 | _aBrent D. Ryan | ||
| 245 | _aThe Largest Art: A Measured Manifesto for a Plural Urbanism | ||
| 260 | _bThe MIT Press | ||
| 300 | _a364p; | ||
| 942 | _2ddc | ||